000
00309nam a2200121Ia 4500
008
190216s9999||||xx |||||||||||||| ||und||
100
_a
Mir Najabat Ali
245
0
_a
Inventions That Changed The World
260
_b
National Book Trust India
_c
1972
300
_a
63p
650
_a
English Stories
942
_c
BK
999
_c
13104
_d
13104